[Event "Berlin Lichtenberger op 7th"]
[Site "Berlin"]
[Date "2008.08.16"]
[Round "1"]
[White "Petersen, Soren Boeck"]
[Black "Krannich, Sven"]
[Result "1/2-1/2"]
[WhiteElo "2242"]
[BlackElo "1876"]
[PlyCount "154"]
[EventDate "2008.08.16"]
[EventType "swiss"]
[EventRounds "9"]
[EventCountry "GER"]
[SourceTitle "CBM 126 Extra"]
[Source "ChessBase"]
[SourceDate "2008.11.05"]
[SourceVersion "1"]
[SourceVersionDate "2008.11.05"]
[SourceQuality "1"]

1. e4 e6 2. d4 c5 3. c3 Nf6 4. e5 Nd5 5. Nf3 cxd4 6. cxd4 Bb4+ 7. Bd2 Qa5 8. Bd3 Nf4 9. 0-0 Nxd3 10. Qc2 Nc6 11. Qxd3 b6 12. Qe4 Bb7 13. Nc3 Qa6 14. Qg4 Ne7 15. Ne4 Qd3 16. Bxb4 Qxe4 17. Qxe4 Bxe4 18. Nd2 Bd5 19. Bxe7 Kxe7 20. Rfc1 Rhc8 21. a3 Rc6 22. Rxc6 dxc6 23. f3 f6 24. Kf2 fxe5 25. dxe5 Rf8 26. Re1 Rf4 27. Ke3 Rh4 28. h3 c5 29. Re2 Rd4 30. Nb1 Kd7 31. Rd2 Rxd2 32. Nxd2 Kc6 33. Kd3 b5 34. g3 a5 35. f4 Bg2 36. h4 Kd5 37. b3 Bh3 38. a4 Bf5+ 39. Kc3 b4+ 40. Kb2 Bd3 41. Nf3 h6 42. Ne1 Be4 43. Nc2 Bd3 44. Ne1 Be2 45. Kc2 c4 46. bxc4+ Bxc4 47. Nf3 g6 48. h5 Be2 49. Nd2 Bxh5 50. Nb3 Bf3 51. Nxa5 Be4+ 52. Kb3 Kc5 53. Kb2 Bd5 54. Nb3+ Kc4 55. Nc1 Kd4 56. Ne2+ Kc4 57. Nc1 Bc6 58. a5 Kb5 59. Nb3 Bd5 60. g4 h5 61. gxh5 gxh5 62. f5 exf5 63. Nd4+ Kxa5 64. Nxf5 Kb6 65. Kc1 Kc5 66. Kd2 Bf7 67. Ng7 Bg6 68. Ne6+ Kc4 69. Nf4 Be8 70. e6 h4 71. e7 b3 72. Kc1 h3 73. Nxh3 Kc3 74. Nf4 b2+ 75. Kb1 Kb3 76. Nd3 Bg6 77. e8Q Bxe8 1/2-1/2